Normal view
MARC view
Entry AUTORIDADES PERSONAS
001 - NÚMERO DE CONTROL
- campo de control: 513
003 - CONTROL
- campo de control: AR-BaSMT
005 - FECHA Y HORA DE LA ÚLTIMA TRANSACCIÓN
- campo de control: 20260512142249.0
008 - ELEMENTOS LONGITUD FÍSICA
- campo de control de longitud fija: 260512|| aca||aabn | a|a d
024 7# - OTROS INDICADORES NORMALIZADOS
- Fuente: VIAF
- Número estándar o código: http://viaf.org/viaf/90419854
040 ## - FUENTE DE CATALOGACIÓN
- Agencia que cataloga: AR-BaSMT
- Idioma de catalogación: spa
- Norma: RDA
100 7# - ENCABEZAMIENTO-NOMBRE DE PERSONA
- Nombre de persona: Douglas de Sirgo, Silvina
400 1# - TRAZADO DE VÉASE--NOMBRE DE PERSONA
- Nombre de persona: Douglas, Silvina
400 0# - TRAZADO DE VÉASE--NOMBRE DE PERSONA
- Nombre de persona: Silvina Douglas
670 ## - FUENTE DE DATOS ENCONTRADOS
- Cita de la fuente: Yo argumento, 2011
- Donde se localiza la información: Portada
